Top 25 des joueurs de football masculin du 21e siècle ! - Statistiques

Statistiques générales
  • Ce quiz a été pris 397 fois
  • Le résultat moyen est 18 sur 25
Statistiques - réponses
Nationalité Joueur de football % Correct
Portugal Cristiano Ronaldo
100%
Argentine Lionel Messi
100%
Brésil Ronaldo
99%
France Kylian Mbappé
97%
Croatie Luka Modrić
95%
France Zinedine Zidane
95%
Suède Zlatan Ibrahimović
87%
Espagne Andres Iniesta
86%
Belgique Kevin De Bruyne
86%
Brésil Neymar
85%
France Thierry Henry
85%
Espagne Xavi
85%
Pologne Robert Lewandowski
83%
Brésil Ronaldinho
81%
Uruguay Luis Suárez
78%
France Karim Benzema
69%
Espagne Sergio Ramos
65%
Italie Gianluigi Buffon
54%
Allemagne Toni Kroos
52%
Espagne Carles Puyol
49%
Espagne Sergio Busquets
46%
Great Britain Wayne Rooney
41%
Italie Andrea Pirlo
40%
Brésil Kaka
40%
France Patrick Vieira
33%
Aucun quiz correspondant
Distribution des résultats
% des personnes avec chaque résultat
Percentile par nombre de réponses
Votre historique - résultats
Vous n’avez pas pris ce quiz